|
|
|
|
| LEADER |
00569cam a2200193 7i4500 |
| 001 |
0000025123 |
| 005 |
20101125090000.0 |
| 020 |
0 |
0 |
|a 978-0-470-82436-8
|
| 090 |
0 |
0 |
|a B 338.040951
|b NIE
|
| 100 |
1 |
0 |
|a Nie
|
| 245 |
1 |
0 |
|a Made in China :
|b secrets of China`s dynamic entrepreneurs.
|
| 260 |
0 |
0 |
|a Singapore:
|b John Wiley & Sons,
|c 2009.
|
| 300 |
# |
# |
|a 210 p.
|
| 650 |
0 |
0 |
|a Business enterprises --
|z China
|
| 650 |
0 |
0 |
|a Competition --
|z China
|
| 651 |
0 |
0 |
|a China
|
| 700 |
1 |
1 |
|a Xin,
|h Katherine
|
| 700 |
1 |
1 |
|a Zhang,
|h Lily
|
| 999 |
|
|
|a B000027677
|b Book
|c Book
|e Business Information Centre
|